LEADER 00826nam0-22003011i-450- 001 990000980630403321 035 $a000098063 035 $aFED01000098063 035 $a(Aleph)000098063FED01 035 $a000098063 100 $a20000920d1961----km-y0itay50------ba 101 0 $aeng 200 1 $aPhotonuclear Physics$fLectures by Michael Danos 210 $aCollege Park$cUniversity of Maryland$d1961 300 $aTechnical Report 221. 610 0 $aTeoria dei campi 610 0 $aTeoria dello scattering 610 0 $aTeoria dei molti corpi 676 $a530.143 700 1$aDanos,$bMichael$040377 801 0$aIT$bUNINA$gRICA$2UNIMARC 901 $aBK 912 $a990000980630403321 952 $a22A-022$b2677$fFI1 959 $aFI1 996 $aPhotonuclear Physics$9353350 997 $aUNINA DB $aING01 LEADER 00997nam2-2200337---450 001 990002203330203316 005 20210324182431.0 035 $a000220333 035 $aUSA01000220333 035 $a(ALEPH)000220333USA01 100 $a20041123d1982----km y1itay5003----ba 101 0 $aita 102 $aIT 200 1 $a<<3.: >>Investimento$fAnna Carabelli$cOccupazione$fVittorio Valli 210 $aTorino$cBoringhieri$d1982 215 $a183 p.$d23 cm 461 1$10010054980$12001$aDizionari di economia politica$v3 606 0 $aEconomia$xDizionari$2BNCF 676 $a330.03 700 1$aCARABELLI,$bAnna$0119840 701 1$aVALLI,$bVittorio$0301102 801 0$aIT$bsalbc$gISBD 912 $a990002203330203316 951 $a330.03 DIZ 1/3 (ISE II 182/3)$b3105 EC$c330.03 (ISE II)$d00204767 951 $a300 330.03 LUN$b1306 DISES 951 $a300 330.03 LUN$b2688 DISES 959 $aBK 969 $aECO 969 $aDISES 996 $aInvestimento$9462349 997 $aUNISA